000 00300nam a22001337a 4500
008 170204b xxu||||| |||| 00| 0 eng d
020 _a0132397609
041 _aeng
080 _26TH
_a61
100 _a3
101 _aSHM
245 _aOCCUPATIONAL SAFETY AND HEALTH
_cGOETSCH, D.L
942 _2udc
_cBK
999 _c4560
_d4560